| 000 | 00000nas 2200000za 4500 |
| 001 | 9.843446 |
| 003 | CaOODSP |
| 005 | 20250108135320 |
| 007 | cr ||||||||||| |
| 008 | 170912d20162018oncar p o f0 a0eng|d |
| 022 | |a2561-3960 |
| 040 | |aCaOODSP|beng |
| 043 | |an-cn--- |
| 086 | 1 |aCC171-32E-PDF |
| 222 | 0|aRegulatory oversight report on the use of nuclear substances in Canada |
| 245 | 00|aRegulatory oversight report on the use of nuclear substances in Canada |h[electronic resource]. |
| 260 | |a[Ottawa] : |bCanadian Nuclear Safety Commission |
| 310 | |aAnnual |
| 362 | 1 |aBegan with 2014; ceased with 2018. |
| 500 | |aIssued also in French under title: Rapport de surveillance réglementaire sur l'utilisation des substances nucléaires au Canada. |
| 692 | 07|2gccst|aRadioactive materials |
| 692 | 07|2gccst|aSafety regulations |
| 692 | 07|2gccst|aCompliance |
| 692 | 07|2gccst|aEnforcement |
| 710 | 2 |aCanadian Nuclear Safety Commission. |
| 775 | 08|tRapport de surveillance réglementaire sur l'utilisation des substances nucléaires au Canada |w(CaOODSP)9.843451 |
| 780 | 00|tNuclear substances in Canada |w(CaOODSP)9.506453 |
| 785 | 00|tDirectorate of Nuclear Substance Regulation regulatory oversight reports : |w(CaOODSP)9.904843 |